Sistemas y procedimientos (Registro nro. 2292)

Detalles MARC
000 -LEADER
fixed length control field 01247 a2200229 4500
001 - CONTROL NUMBER
control field 32525
005 - DATE AND TIME OF LATEST TRANSACTION
control field 20260407155623.0
008 - FIXED-LENGTH DATA ELEMENTS--GENERAL INFORMATION
fixed length control field 260407a1969 arg spa d
003 - CONTROL NUMBER IDENTIFIER
control field AR-UNSa-BCEJYS
040 ## - CATALOGING SOURCE
Original cataloging agency AR-UNSa-BCEJYS
Language of cataloging spa
Transcribing agency AR-UNSa-BCEJYS
080 ## - UNIVERSAL DECIMAL CLASSIFICATION NUMBER
Universal Decimal Classification number 658.012
Common auxiliary subdivision Métodos (Management...)
100 1# - MAIN ENTRY--PERSONAL NAME
Personal name Lazzaro, Victor
245 10 - TITLE STATEMENT
Title Sistemas y procedimientos
Name of part/section of a work un manual para los negocios y la industria
250 ## - EDITION STATEMENT
Edition statement 5a. ed
264 #1 - PRODUCTION, PUBLICATION, DISTRIBUTION, MANUFACTURE, AND COPYRIGHT NOTICE
Place of production, publication, distribution, manufacture México :
Name of producer, publisher, distributor, manufacturer Diana
Date of production, publication, distribution, manufacture, or copyright notice 1969
300 ## - PHYSICAL DESCRIPTION
Extent 567 p.
Dimensions 24 cm.
505 ## - FORMATTED CONTENTS NOTE
Formatted contents note 1. Sistemas y procedimientos - 2. El departamento de sistemas y procedimientos - 3. El estudio de los sistemas - 4. Gráficas de los sistemas - 5. Auditoría de la administración - 6. Simplificación del trabajo - 7. Estimación del trabajo - 8. Diseño y control de formas - 9. Manejo de los registros - 10. Manual de las registros - 11. Presupuestos y control de costos - 12. El equipo tabulador en los negocios - 13. La electrónica en los negocios - 14. Muestreo del trabajo en la oficina - 15. Investigación de la administración - 16. Selección y adiestramiento de presonal de sistemas.
590 ## - LOCAL NOTE (RLIN)
Local note niveau_biblio:m niveau_hierar:0
700 1# - ADDED ENTRY--PERSONAL NAME
Personal name Bracamonte, Mario
700 1# - ADDED ENTRY--PERSONAL NAME
Personal name Gómez Morfín, Joaquín
942 ## - ADDED ENTRY ELEMENTS (KOHA)
Koha item type
Existencias
Withdrawn status Lost status Damaged status Not for loan Home library Current library Shelving location Date acquired Total checkouts Full call number Barcode Date last seen Price effective from Koha item type
        Biblioteca Prof. Eusebio Cleto del Rey Biblioteca Prof. Eusebio Cleto del Rey   07/04/2026   658.012 L432 L23171 07/04/2026 07/04/2026 Libro